000
00346nam a2200133Ia 4500
003
PILC
008
220421s2004 xx 000 0 und d
040
_c
EARIST LIBRARY
100
_a
Malenab, Ryan G. et al
245
0
_a
Physics Laboratory Manual Mechanics and Energy /
260
_a
Manila,
_b
Rex :
_c
2004.
999
_c
2423
_d
2423
942
_2
ddc
_c
BK